Teória a prax poistenia

Salvato in:
Dettagli Bibliografici
Autore principale: Chovan, Pavel
Natura: Libro
Lingua:slovacco
Pubblicazione: Bratislava SÚVAHA 2000
Soggetti:
Tags: Aggiungi Tag
Nessun Tag, puoi essere il primo ad aggiungerne!!

MARC

LEADER 00000nam a2200000 4500
001 c120507
005 20221123133558.5
020 |a 80-88727-36-7 
041 0 |a slo 
044 |a SK 
245 1 0 |a Teória a prax poistenia  |c Pavel Chovan 
264 1 |a Bratislava  |b SÚVAHA  |c 2000 
300 |a 199 s. 
610 2 0 |a poisťovníctvo 
610 2 0 |a poistenie 
610 2 0 |a teória a prax 
610 2 0 |a teórie poistné 
610 2 0 |a riziko 
610 2 0 |a riziko poistné 
610 2 0 |a rezervy poistné 
610 2 0 |a trh poistný 
100 1 |a Chovan, Pavel